Statistics for 1997-98 Premier League Final Table

Click here to take the quiz!

General Stats

  • This quiz has been taken 8 times
    (6 since last reset)
  • The average score is 9 of 20

Answer Stats

PositionTeamWonDrewLostGF/GAGDPoints% Correct
1Arsenal239968/333578
100%
2Manchester United238873/264777
100%
4Chelsea203371/432863
60%
3Liverpool18111168/422665
60%
6Blackburn Rovers16101057/52558
40%
9Derby County167752/49355
40%
17Everton9131341/56-1540
40%
5Leeds United178857/461159
40%
10Leicester City13141451/411053
40%
13Newcastle United11111135/44-944
40%
16Sheffield Wednesday128852/67-1544
40%
12Southampton146650/55-548
40%
14Tottenham Hotspur11111144/56-1244
40%
8West Ham United168856/57-156
40%
15Wimbledon10141434/46-1244
40%
7Aston Villa176649/48157
20%
19Barnsley105537/82-4535
20%
18Bolton Wanderers9131341/61-2040
20%
11Coventry City12161646/44252
20%
20Crystal Palace89937/71-3433
20%

Score Distribution

Percentile by Number Answered

Percent of People with Each Score

Your Score History

You have not taken this quiz since the last reset